| 000 | 00740nam a2200325Ia 4500 | ||
|---|---|---|---|
| 005 | 20260514124334.0 | ||
| 008 | 008 261405s9999 xx 000 0 eng d | ||
| 037 | _aThesis | ||
| 040 | _aCRL | ||
| 040 | _beng | ||
| 040 | _cCRL | ||
| 041 | _2eng | ||
| 041 | _aeng | ||
| 084 | _qCRL | ||
| 100 | _aMohan Lal | ||
| 245 | 0 | _aSolid Dispersion of Celecoxib | |
| 260 | _aDelhi | ||
| 260 | _bUniversity of Delhi | ||
| 260 | _c2013 | ||
| 300 | _a60p. | ||
| 502 | _bPh.D. | ||
| 502 | _cUniversity of Delhi | ||
| 502 | _d2013 | ||
| 541 | _oThesis | ||
| 650 | _aPharmaceutics (DIPSAR) | ||
| 700 |
_aDr.D.K.Majumdar _91239425 |
||
| 710 |
_aPharmaceutics (DIPSAR) _91239426 |
||
| 942 | _cTH | ||
| 999 |
_c1851690 _d1851690 |
||